Eurovision Host Cities Quiz - Statistics

General Stats
  • This quiz has been taken 382 times
    161 since last reset
  • The average score is 36 of 46
Answer Stats
Country Year(s) City % Correct
Austria 1967,2015,2026 Vienna
98%
France 1978 Paris
97%
Ireland 1971,1981,1988,1994,1995,1997 Dublin
95%
Italy 1991 Rome
95%
Norway 1996,2010 Oslo
94%
Netherlands 1970 Amsterdam
93%
Sweden 1975,2000,2016 Stockholm
93%
Israel 2019 Tel Aviv
93%
Azerbaijan 2012 Baku
92%
Belgium 1987 Brussels
92%
Finland 2007 Helsinki
92%
Portugal 2018 Lisbon
92%
Spain 1969 Madrid
92%
Netherlands (2020), 2021 Rotterdam
92%
United Kingdom 1960,1963,1968,1977 London
91%
Sweden 1992,2013,2024 Malmö
91%
Israel 1979,1999 Jerusalem
90%
Italy 2022 Turin
90%
Denmark 1964,2001,2014 Copenhagen
89%
Luxembourg 1962,1966,1973,1984 Luxembourg
89%
Russia 2009 Moscow
89%
Greece 2006 Athens
88%
Ukraine 2005,2017 Kiev
86%
Latvia 2003 Riga
86%
Estonia 2002 Tallinn
85%
Switzerland 2025 Basel
84%
Serbia 2008 Belgrade
83%
Turkey 2004 Istanbul
81%
United Kingdom 2023 Liverpool
81%
Italy 1965 Naples
78%
Sweden 1985 Gothenburg
77%
Germany 2011 Düsseldorf
75%
Norway 1986 Bergen
73%
Netherlands 1976,1980 The Hague
71%
West Germany* 1983 Munich
68%
Yugoslavia* 1990 Zagreb
67%
United Kingdom 1998 Birmingham
61%
West Germany* 1957 Frankfurt
60%
Switzerland 1989 Lausanne
59%
United Kingdom 1972 Edinburgh
57%
France 1959,1961 Cannes
55%
Switzerland 1956 Lugano
55%
United Kingdom 1974 Brighton
50%
Ireland 1993 Millstreet
50%
Netherlands 1958 Hilversum
40%
United Kingdom 1982 Harrogate
38%
No matching quizzes found
Score Distribution
Percent of People with Each Score
Percentile by Number Answered
Your Score History
You have not taken this quiz since the last reset